[Event "Hradec Kralove op 9th"]
[Site "Hradec Kralove"]
[Date "2018.10.03"]
[Round "5"]
[White "Landsmannova, Marie Magdalena"]
[Black "Burdilak, Milan"]
[Result "1/2-1/2"]
[WhiteElo "1251"]
[BlackElo "1690"]
[PlyCount "50"]
[EventDate "2018.09.30"]
[EventType "swiss"]
[EventRounds "9"]
[EventCountry "CZE"]
[SourceTitle "CBM 186 Extra"]
[Source "ChessBase"]
[SourceDate "2018.08.24"]
[SourceVersion "1"]
[SourceVersionDate "2018.08.24"]
[SourceQuality "1"]

1. e4 e6 2. d4 d5 3. e5 c5 4. c3 Nc6 5. Nf3 Bd7 6. Be2 Qb6 7. a3 f6 8. 0-0 cxd4 9. cxd4 fxe5 10. dxe5 Na5 11. b4 Nc4 12. Nbd2 Rc8 13. Nxc4 dxc4 14. Be3 Qa6 15. Qd4 b5 16. Rfd1 Bc6 17. Qxa7 Qxa7 18. Bxa7 Ne7 19. Bd4 Nd5 20. Rdc1 Be7 21. Bd1 0-0 22. g3 Nxb4 23. axb4 Bxf3 24. Bc3 Bd5 25. Ra5 Rb8 1/2-1/2

[Event "Hradec Kralove op 8th"]
[Site "Hradec Kralove"]
[Date "2017.10.01"]
[Round "1"]
[White "Burdilak, Milan"]
[Black "Swicarz, Maciej"]
[Result "0-1"]
[WhiteElo "1708"]
[BlackElo "2363"]
[PlyCount "72"]
[EventDate "2017.10.01"]
[EventType "swiss"]
[EventRounds "9"]
[EventCountry "CZE"]
[SourceTitle "CBM 181 Extra"]
[Source "ChessBase"]
[SourceDate "2017.12.12"]
[SourceVersion "1"]
[SourceVersionDate "2017.12.12"]
[SourceQuality "1"]

1. d4 f5 2. c4 Nf6 3. Nc3 d6 4. Nf3 g6 5. e3 Bg7 6. Bd3 0-0 7. 0-0 Nc6 8. Re1 e5 9. dxe5 dxe5 10. Be2 e4 11. Qxd8 Rxd8 12. Nd2 Be6 13. a3 Nd7 14. f3 Bxc3 15. bxc3 Nc5 16. fxe4 fxe4 17. Rd1 Na5 18. Bb2 Rd7 19. Nf1 Rad8 20. Rd4 Na4 21. Rb1 c5 22. Rxd7 Rxd7 23. Kf2 h5 24. h3 Bxc4 25. Ke1 Bxe2 26. Kxe2 Nc4 27. Ba1 Nxa3 28. Rc1 Nc4 29. Rc2 Rd3 30. Ra2 b5 31. Nd2 Rxd2+ 32. Rxd2 Nxd2 33. Kxd2 c4 34. Kc2 Kf7 35. Bb2 Nxb2 36. Kxb2 a5 0-1

[Event "CZE-ch Seniors 60"]
[Site "Rychnov nad Kneznou"]
[Date "2015.08.19"]
[Round "5"]
[White "Portych, Vaclav"]
[Black "Burdilak, Milan"]
[Result "1-0"]
[WhiteElo "1890"]
[BlackElo "1743"]
[PlyCount "55"]
[EventDate "2015.08.15"]
[EventType "swiss"]
[EventRounds "9"]
[EventCountry "CZE"]
[SourceTitle "EXT 2016"]
[Source "ChessBase"]
[SourceDate "2015.10.08"]
[SourceVersion "1"]
[SourceVersionDate "2015.10.08"]
[SourceQuality "1"]

1. c4 c5 2. Nf3 Nc6 3. g3 e5 4. Nc3 Nf6 5. Bg2 Bd6 6. 0-0 a6 7. e3 0-0 8. d4 exd4 9. exd4 cxd4 10. Nxd4 Bc5 11. Be3 Bb4 12. Rc1 Re8 13. Nb3 Bxc3 14. Rxc3 Ne4 15. Rd3 Nd4 16. Rxd4 Ng5 17. Qd2 Ne6 18. Rd6 Qc7 19. Qd5 b5 20. Rxe6 dxe6 21. Qxa8 bxc4 22. Qc6 Re7 23. Rc1 Qxc6 24. Bxc6 Rc7 25. Bg2 f6 26. Bf1 Kf8 27. Rxc4 Rxc4 28. Bxc4 1-0

[Event "Nachod op"]
[Site "Nachod"]
[Date "2012.07.06"]
[Round "7"]
[White "Burdilak, Milan"]
[Black "Kolibik, Jan"]
[Result "0-1"]
[WhiteElo "1777"]
[BlackElo "1679"]
[PlyCount "120"]
[EventDate "2012.06.30"]
[EventType "swiss"]
[EventRounds "9"]
[EventCountry "CZE"]
[SourceTitle "CBM 149 Extra"]
[Source "ChessBase"]
[SourceDate "2012.08.24"]
[SourceVersion "1"]
[SourceVersionDate "2012.08.24"]
[SourceQuality "1"]

1. d4 d5 2. Nf3 c6 3. g3 Nf6 4. Bg2 Bf5 5. 0-0 e6 6. Ne5 Nbd7 7. f4 Ne4 8. e3 Nxe5 9. fxe5 h5 10. Nd2 Qg5 11. Nxe4 dxe4 12. Rf4 Qg6 13. Bd2 Be7 14. c4 Bg5 15. Rf2 0-0 16. Qe2 Bg4 17. Qe1 h4 18. Rf1 hxg3 19. Qxg3 Be2 20. Rfc1 Bd3 21. h4 Be7 22. Qxg6 fxg6 23. Be1 g5 24. h5 g4 25. Bg3 Bg5 26. Re1 Kh7 27. Bf2 Kh6 28. Bf1 Bxf1 29. Rxf1 Rf3 30. Rae1 Raf8 31. Kg2 Kxh5 32. b4 Kg6 33. a4 Rh8 34. Bg3 Rxe3 35. Rxe3 Bxe3 36. Bf2 Bxf2 37. Rxf2 Rd8 38. Rd2 Kg5 39. Kg3 e3 40. Rd3 Kf5 41. Rxe3 Rxd4 42. Rc3 Kxe5 43. a5 b6 44. a6 Rf4 45. Re3+ Re4 46. Rc3 Rd4 47. b5 c5 48. Re3+ Kf5 49. Rc3 e5 50. Rc1 Rd3+ 51. Kg2 Ke4 52. Rf1 Rd7 53. Kg3 Re7 54. Kxg4 Kd4 55. Rc1 e4 56. Kg3 Kd3 57. Kf2 Kd2 58. Ra1 e3+ 59. Kf3 e2 60. Ra2+ Kd3 0-1

[Event "Nachod op 9th"]
[Site "Nachod"]
[Date "2011.07.10"]
[Round "9"]
[White "Kolibik, Jan"]
[Black "Burdilak, Milan"]
[Result "1-0"]
[WhiteElo "1646"]
[BlackElo "1795"]
[PlyCount "103"]
[EventDate "2011.07.02"]
[EventType "swiss"]
[EventRounds "9"]
[EventCountry "CZE"]
[SourceTitle "EXT 2012"]
[Source "ChessBase"]
[SourceDate "2011.11.24"]
[SourceVersion "1"]
[SourceVersionDate "2011.11.24"]
[SourceQuality "1"]

1. d4 d5 2. c4 c6 3. cxd5 cxd5 4. Nc3 e6 5. Nf3 Nc6 6. e3 Nf6 7. Bd2 a6 8. Be2 Bd6 9. 0-0 0-0 10. Rc1 Re8 11. Na4 Ne4 12. Nc5 f5 13. a3 Qf6 14. Nxa6 Nxd2 15. Qxd2 f4 16. Nc5 g5 17. e4 Bxc5 18. e5 Qg7 19. Rxc5 g4 20. Ne1 f3 21. Bd1 Rf8 22. Kh1 fxg2+ 23. Nxg2 Bd7 24. Rc3 Kf7 25. Ne3 h5 26. f4 Ne7 27. Bc2 Ke8 28. Bd3 Nc6 29. Bb5 Nxe5 30. Bxd7+ Nxd7 31. f5 Qh6 32. fxe6 Rxf1+ 33. Nxf1 Qxd2 34. exd7+ Kxd7 35. Nxd2 Re8 36. Nf1 h4 37. Re3 Rf8 38. Kg1 Rf4 39. Rd3 Ke6 40. a4 Kf5 41. Nd2 Ke6 42. b4 Rf7 43. Nb3 b6 44. Rc3 Kd6 45. b5 Ra7 46. Rc6+ Ke7 47. a5 bxa5 48. b6 Ra6 49. b7 Rxc6 50. b8Q a4 51. Nc5 Rf6 52. Qe5+ 1-0

[Event "Nachod op 9th"]
[Site "Nachod"]
[Date "2011.07.07"]
[Round "6.28"]
[White "Hastik, Svatopluk"]
[Black "Burdilak, Milan"]
[Result "1-0"]
[WhiteElo "2061"]
[BlackElo "1795"]
[PlyCount "61"]
[EventDate "2011.07.02"]
[EventType "swiss"]
[EventRounds "9"]
[EventCountry "CZE"]
[SourceTitle "EXT 2012"]
[Source "ChessBase"]
[SourceDate "2011.11.24"]
[SourceVersion "1"]
[SourceVersionDate "2011.11.24"]
[SourceQuality "1"]

1. d4 d5 2. Bg5 Bf5 3. e3 h6 4. Bh4 Nd7 5. Nf3 c6 6. c4 Qa5+ 7. Qd2 Qxd2+ 8. Nbxd2 e6 9. Rc1 Bd6 10. Be2 Ngf6 11. 0-0 0-0 12. Rfd1 Rfe8 13. Bg3 Bxg3 14. hxg3 Bg4 15. Re1 Bxf3 16. gxf3 e5 17. cxd5 Nxd5 18. e4 N5b6 19. Nb3 a5 20. Red1 a4 21. Nc5 Nxc5 22. dxc5 Nc8 23. Rd7 Re7 24. Rd8+ Kh7 25. Rcd1 b6 26. Rf8 bxc5 27. Rdd8 Rc7 28. f4 exf4 29. gxf4 Rb8 30. f5 g5 31. e5 1-0

[Event "Nachod op 9th"]
[Site "Nachod"]
[Date "2011.07.05"]
[Round "4.36"]
[White "Sveda, Jiri"]
[Black "Burdilak, Milan"]
[Result "0-1"]
[WhiteElo "1939"]
[BlackElo "1795"]
[PlyCount "76"]
[EventDate "2011.07.02"]
[EventType "swiss"]
[EventRounds "9"]
[EventCountry "CZE"]
[SourceTitle "EXT 2012"]
[Source "ChessBase"]
[SourceDate "2011.11.24"]
[SourceVersion "1"]
[SourceVersionDate "2011.11.24"]
[SourceQuality "1"]

1. e4 g6 2. d4 d6 3. Bc4 Bg7 4. c3 Nf6 5. Qe2 e5 6. dxe5 dxe5 7. Nf3 Qe7 8. h3 Bd7 9. Bg5 Bc6 10. Nbd2 Nbd7 11. 0-0 h6 12. Bh4 0-0 13. b4 b6 14. Rfe1 Rfe8 15. a4 a5 16. b5 Bb7 17. g4 Qf8 18. Bg3 Nh7 19. h4 g5 20. hxg5 Nxg5 21. Nxg5 hxg5 22. f3 Nc5 23. Nf1 Rad8 24. Ne3 Ne6 25. Rad1 Nf4 26. Qa2 Bc8 27. Kh1 Rxd1 28. Rxd1 Be6 29. Bd5 Qc5 30. Qd2 Kh7 31. c4 Kg6 32. Bxf4 exf4 33. Nf5 Qa3 34. Kg2 Be5 35. Rh1 Rh8 36. Ne7+ Qxe7 37. Rxh8 Bxh8 38. e5 Bxe5 0-1

[Event "Nachod op 9th"]
[Site "Nachod"]
[Date "2011.07.03"]
[Round "2.35"]
[White "Peniska, Pavel"]
[Black "Burdilak, Milan"]
[Result "1-0"]
[WhiteElo "1946"]
[BlackElo "1795"]
[PlyCount "67"]
[EventDate "2011.07.02"]
[EventType "swiss"]
[EventRounds "9"]
[EventCountry "CZE"]
[SourceTitle "EXT 2012"]
[Source "ChessBase"]
[SourceDate "2011.11.24"]
[SourceVersion "1"]
[SourceVersionDate "2011.11.24"]
[SourceQuality "1"]

1. e4 c6 2. d4 d5 3. Nd2 h6 4. Ngf3 dxe4 5. Nxe4 Bf5 6. Bd3 e6 7. 0-0 Nf6 8. Re1 Nbd7 9. Ng3 Bxd3 10. Qxd3 Bd6 11. Nf5 Bf8 12. Bf4 Qa5 13. Nd6+ Bxd6 14. Bxd6 Qd5 15. Ba3 0-0-0 16. c4 Qh5 17. Qc3 g5 18. Be7 Rde8 19. Bd6 b6 20. b4 Qg6 21. Qa3 Kb7 22. Ne5 Nxe5 23. Bxe5 Rhg8 24. Qf3 Nd7 25. b5 Nxe5 26. Rxe5 Rc8 27. bxc6+ Rxc6 28. d5 exd5 29. cxd5 Rf6 30. Re7+ Kb8 31. Qe2 Qf5 32. Qa6 Qxf2+ 33. Kh1 b5 34. Qb7# 1-0

[Event "Janske Lazne op-B"]
[Site "Janske Lazne"]
[Date "2006.05.07"]
[Round "6"]
[White "Burdilak, Milan"]
[Black "Macek, Leos"]
[Result "1/2-1/2"]
[WhiteElo "1711"]
[BlackElo "1503"]
[PlyCount "125"]
[EventDate "2006.??.??"]
[EventType "swiss"]
[EventRounds "9"]
[EventCountry "CZE"]
[SourceTitle "EXT 2008"]
[Source "ChessBase"]
[SourceDate "2007.11.25"]
[SourceVersion "1"]
[SourceVersionDate "2007.11.25"]
[SourceQuality "1"]

1. d4 d5 2. Nf3 Nf6 3. g3 g6 4. Bg2 Bg7 5. Nbd2 c6 6. 0-0 0-0 7. c4 dxc4 8. Nxc4 Ne4 9. e3 Nd6 10. b3 Nd7 11. Bb2 Nb6 12. Rc1 Ndxc4 13. bxc4 Be6 14. Nd2 Qd7 15. a4 Rad8 16. a5 Na8 17. Nb3 b6 18. Qf3 Rc8 19. Ba3 Rfe8 20. Rfd1 Bg4 21. Qe4 Bxd1 22. Rxd1 e6 23. Qc2 Nc7 24. Qe4 Na6 25. Qd3 Red8 26. c5 b5 27. f4 Nc7 28. Kf2 Nd5 29. e4 Ne7 30. g4 e5 31. fxe5 Bxe5 32. h3 Bg7 33. Bc1 Qe6 34. Be3 Qc4 35. Bf1 Qxd3 36. Bxd3 Rc7 37. Be2 a6 38. Bf3 Kf8 39. Bf4 Rcd7 40. Bd6 Ke8 41. d5 cxd5 42. exd5 f5 43. Re1 fxg4 44. Bxg4 Rxd6 45. cxd6 Rxd6 46. Bf3 Kf7 47. Rd1 Bc3 48. Ke3 Nf5+ 49. Kd3 b4 50. Be4 Kf6 51. Rf1 Ke5 52. Bg2 Ne7 53. Kc4 Nxd5 54. Bxd5 Rxd5 55. Rf7 h5 56. Ra7 Rd6 57. Nc5 Rc6 58. Rxa6 Kd6 59. Rxc6+ Kxc6 60. Ne6 Kb7 61. Nf4 Ka6 62. Nxg6 Kxa5 63. Kb3 1/2-1/2

[Event "Janske Lazne op-B"]
[Site "Janske Lazne"]
[Date "2006.05.03"]
[Round "1"]
[White "Burdilak, Milan"]
[Black "Spanko, Pavel"]
[Result "1-0"]
[WhiteElo "1711"]
[BlackElo "1428"]
[PlyCount "43"]
[EventDate "2006.??.??"]
[EventType "swiss"]
[EventRounds "9"]
[EventCountry "CZE"]
[SourceTitle "EXT 2008"]
[Source "ChessBase"]
[SourceDate "2007.11.25"]
[SourceVersion "1"]
[SourceVersionDate "2007.11.25"]
[SourceQuality "1"]

1. d4 d5 2. Nf3 Nf6 3. g3 Bg4 4. Bg2 e6 5. 0-0 Be7 6. Nbd2 Nbd7 7. c4 c6 8. Re1 0-0 9. a3 a5 10. e4 dxe4 11. Nxe4 Nxe4 12. Rxe4 Nf6 13. Re1 Qc7 14. Be3 Rad8 15. Qb3 b6 16. Ne5 Bf5 17. Nxc6 Rd7 18. Rad1 Re8 19. d5 e5 20. Bxb6 a4 21. Nxe7+ Rexe7 22. Qb4 1-0

[Event "Czechia district-ch"]
[Site "Czech Republic"]
[Date "2003.??.??"]
[Round "12"]
[White "Burdilak, Milan"]
[Black "Cap, Jaroslav"]
[Result "1-0"]
[WhiteElo "1675"]
[BlackElo "1825"]
[PlyCount "49"]
[EventDate "2003.??.??"]
[EventType "tourn"]
[EventRounds "13"]
[EventCountry "CZE"]
[SourceTitle "EXT 2007"]
[Source "ChessBase"]
[SourceDate "2006.11.23"]
[SourceVersion "1"]
[SourceVersionDate "2006.11.23"]
[SourceQuality "1"]

1. d4 Nf6 2. Nf3 e6 3. c4 c5 4. d5 exd5 5. cxd5 d6 6. Nc3 Be7 7. e4 0-0 8. h3 Re8 9. Be2 Nbd7 10. Bf4 Bf8 11. Qc2 a6 12. a4 g6 13. 0-0 Nh5 14. Bh2 Ng7 15. Rfe1 f5 16. Bd3 Nf6 17. e5 dxe5 18. Nxe5 Nxd5 19. Nxd5 Be6 20. Nf4 Rc8 21. Nxe6 Nxe6 22. Bc4 Bg7 23. Rad1 Qb6 24. Nd7 Qc6 25. Rd6 1-0

[Event "Czechia district-ch"]
[Site "Czech Republic"]
[Date "2003.??.??"]
[Round "7"]
[White "Burdilak, Milan"]
[Black "Kansky, Josef"]
[Result "1-0"]
[WhiteElo "1675"]
[BlackElo "1790"]
[PlyCount "81"]
[EventDate "2003.??.??"]
[EventType "tourn"]
[EventRounds "13"]
[EventCountry "CZE"]
[SourceTitle "EXT 2007"]
[Source "ChessBase"]
[SourceDate "2006.11.23"]
[SourceVersion "1"]
[SourceVersionDate "2006.11.23"]
[SourceQuality "1"]

1. d4 d5 2. Nf3 c6 3. c4 e6 4. Nc3 Bb4 5. Qb3 Bxc3+ 6. Qxc3 Nf6 7. Bg5 Nbd7 8. e3 h6 9. Bxf6 Nxf6 10. Qa3 Qe7 11. c5 0-0 12. Bd3 b5 13. b4 Qc7 14. 0-0 Bb7 15. Qb3 Rfd8 16. a4 a6 17. Ne5 Nd7 18. f4 Nf8 19. f5 f6 20. Nf3 exf5 21. Bxf5 Bc8 22. Nh4 Bxf5 23. Nxf5 Qf7 24. Rf3 Ne6 25. Rg3 Kh8 26. Qd1 Kh7 27. Nd6 Qf8 28. Qd3+ Kh8 29. Nf5 Rd7 30. Nh4 Qe8 31. Qf5 Raa7 32. Ng6+ Kg8 33. Nh4 Ng5 34. Qf4 Ne4 35. Rg6 Kh7 36. Qf5 Kh8 37. Qh5 Ng5 38. Rxh6+ gxh6 39. Qxe8+ Kh7 40. Qg6+ Kh8 41. Qxf6+ 1-0

[Event "Nachod op 9th"]
[Site "Nachod"]
[Date "2003.??.??"]
[Round "6"]
[White "Burdilak, Milan"]
[Black "Mata, Michal"]
[Result "1-0"]
[WhiteElo "1710"]
[BlackElo "1670"]
[PlyCount "101"]
[EventDate "2003.??.??"]
[EventType "swiss"]
[EventRounds "9"]
[EventCountry "CZE"]
[SourceTitle "EXT 2007"]
[Source "ChessBase"]
[SourceDate "2006.11.23"]
[SourceVersion "1"]
[SourceVersionDate "2006.11.23"]
[SourceQuality "1"]

1. d4 d5 2. Nf3 c6 3. g3 Bf5 4. Bg2 e6 5. 0-0 Be7 6. Nbd2 Nf6 7. c4 0-0 8. Nh4 Bg6 9. Nxg6 hxg6 10. Qb3 Qc7 11. Nf3 Nbd7 12. Bf4 Qb6 13. Qxb6 Nxb6 14. c5 Nbd7 15. b4 Ne4 16. h4 a5 17. Nd2 Nc3 18. Bf3 axb4 19. Rfc1 Nxa2 20. Rcb1 e5 21. Be3 exd4 22. Bxd4 Nxc5 23. Rb2 Ne6 24. Bxg7 Kxg7 25. Rbxa2 Ra3 26. Nb1 Rxa2 27. Rxa2 Bc5 28. e3 Nc7 29. Nd2 Ra8 30. Rc2 Be7 31. e4 d4 32. Nb3 Nb5 33. Be2 Nc3 34. Nxd4 Nxe4 35. Nxc6 bxc6 36. Rxc6 Rb8 37. Rc7 Bf6 38. Bc4 Nd6 39. Bb3 Ra8 40. Rd7 Ra6 41. Kf1 Ra3 42. Bd5 Ra6 43. Ke2 Kf8 44. Rc7 Ra3 45. Rc6 Ke8 46. Rxd6 Ke7 47. Rb6 Ra5 48. Rb7+ Kd6 49. Bxf7 Kc5 50. Rd7 Bd4 51. Rd5+ 1-0

[Event "Czechia district-ch"]
[Site "Czech Republic"]
[Date "2003.??.??"]
[Round "2"]
[White "Michel, Ladislav"]
[Black "Burdilak, Milan"]
[Result "0-1"]
[WhiteElo "1885"]
[BlackElo "1675"]
[PlyCount "132"]
[EventDate "2003.??.??"]
[EventType "tourn"]
[EventRounds "13"]
[EventCountry "CZE"]
[SourceTitle "EXT 2007"]
[Source "ChessBase"]
[SourceDate "2006.11.23"]
[SourceVersion "1"]
[SourceVersionDate "2006.11.23"]
[SourceQuality "1"]

1. d4 d5 2. c4 e6 3. Nc3 Nf6 4. Bg5 Bb4 5. a3 Bxc3+ 6. bxc3 c6 7. cxd5 exd5 8. Qc2 Bg4 9. e3 Nbd7 10. Bd3 Qa5 11. f3 Bh5 12. Nh3 Bg6 13. 0-0 Bxd3 14. Qxd3 0-0 15. e4 h6 16. Bd2 dxe4 17. fxe4 Rad8 18. Qc2 b5 19. e5 Nh7 20. Rf3 Qb6 21. Kh1 c5 22. Be3 Qc6 23. Qa2 Qe6 24. Nf4 Qxa2 25. Rxa2 Ng5 26. Rf1 Rfe8 27. a4 a6 28. axb5 axb5 29. Ra7 f6 30. h4 Ne6 31. Nxe6 Rxe6 32. dxc5 Nxe5 33. Rb7 Nc6 34. Bd4 Nxd4 35. cxd4 Rxd4 36. Rxb5 Rxh4+ 37. Kg1 Rc4 38. Rf3 Kh7 39. Rg3 Re7 40. Rf3 Re5 41. Rg3 Rcxc5 42. Rb7 Rg5 43. Rxg5 hxg5 44. Kf2 Rc3 45. Ra7 Kh6 46. Rb7 f5 47. Ra7 g4 48. Ra2 f4 49. Re2 g3+ 50. Ke1 Kh5 51. Rb2 Kg4 52. Rb1 Rc2 53. Kf1 Rc3 54. Ra1 f3 55. gxf3+ Kxf3 56. Kg1 g5 57. Rf1+ Kg4 58. Kg2 Rc2+ 59. Kg1 Kh3 60. Ra1 Rg2+ 61. Kh1 Rf2 62. Kg1 Rf3 63. Ra2 Rc3 64. Ra1 g4 65. Kh1 g2+ 66. Kg1 Rf3 0-1

[Event "Nachod op 9th"]
[Site "Nachod"]
[Date "2003.??.??"]
[Round "5"]
[White "Pinkava, Josef"]
[Black "Burdilak, Milan"]
[Result "1-0"]
[WhiteElo "1835"]
[BlackElo "1710"]
[PlyCount "63"]
[EventDate "2003.??.??"]
[EventType "swiss"]
[EventRounds "9"]
[EventCountry "CZE"]
[SourceTitle "EXT 2007"]
[Source "ChessBase"]
[SourceDate "2006.11.23"]
[SourceVersion "1"]
[SourceVersionDate "2006.11.23"]
[SourceQuality "1"]

1. c4 c5 2. g3 Nf6 3. Nc3 Nc6 4. Bg2 e6 5. e4 Be7 6. Nge2 Nb4 7. d3 d5 8. a3 d4 9. axb4 dxc3 10. bxc5 Bxc5 11. bxc3 e5 12. 0-0 0-0 13. d4 Bd6 14. f4 Qc7 15. fxe5 Bxe5 16. dxe5 Qxe5 17. Qd4 Qc7 18. Nf4 Ng4 19. Nd5 Qd8 20. h3 Nf6 21. Nxf6+ gxf6 22. Bh6 Qxd4+ 23. cxd4 Rd8 24. d5 f5 25. exf5 Rd6 26. Bf4 Rf6 27. g4 h5 28. c5 Bd7 29. Bg5 Ra6 30. Rxa6 bxa6 31. c6 Be8 32. d6 1-0

[Event "Nachodsko-ch"]
[Site "Nachod"]
[Date "2001.??.??"]
[Round "12"]
[White "Burdilak, Milan"]
[Black "Hejzlar, Zdenek"]
[Result "0-1"]
[WhiteElo "1750"]
[BlackElo "1945"]
[PlyCount "78"]
[EventDate "2001.??.??"]
[EventType "tourn"]
[EventRounds "13"]
[EventCountry "CZE"]
[SourceTitle "EXT 2007"]
[Source "ChessBase"]
[SourceDate "2006.11.23"]
[SourceVersion "1"]
[SourceVersionDate "2006.11.23"]
[SourceQuality "1"]

1. d4 d5 2. Nf3 Bf5 3. c4 c6 4. Nc3 e6 5. Qb3 Qb6 6. Bf4 dxc4 7. Qxb6 axb6 8. e4 Bg6 9. Bxc4 Bb4 10. Bd3 Nf6 11. Nd2 Bxc3 12. bxc3 Nd5 13. Bxb8 Rxb8 14. Rc1 Nf4 15. Bf1 f5 16. e5 Ra8 17. Rb1 Nd5 18. Bc4 0-0 19. Rc1 b5 20. Bxd5 cxd5 21. f4 Rxa2 22. Rb1 Be8 23. Ke2 Bd7 24. Ra1 Rfa8 25. Rxa2 Rxa2 26. Rb1 Kf7 27. h4 Kg6 28. Ke3 Kh5 29. Rf1 Kg4 30. Rf2 b4 31. cxb4 Rb2 32. Rf1 Rxb4 33. Rc1 Bc6 34. g3 h6 35. Rg1 Ra4 36. Nb1 Bb5 37. Nd2 Ra3+ 38. Kf2 Rd3 39. Rb1 Rxd2+ 0-1

[Event "Nachodsko-ch"]
[Site "Nachod"]
[Date "2001.??.??"]
[Round "8"]
[White "Burdilak, Milan"]
[Black "Michel, Ladislav"]
[Result "0-1"]
[WhiteElo "1750"]
[BlackElo "1865"]
[PlyCount "42"]
[EventDate "2001.??.??"]
[EventType "tourn"]
[EventRounds "13"]
[EventCountry "CZE"]
[SourceTitle "EXT 2007"]
[Source "ChessBase"]
[SourceDate "2006.11.23"]
[SourceVersion "1"]
[SourceVersionDate "2006.11.23"]
[SourceQuality "1"]

1. d4 Nf6 2. Nf3 e6 3. c4 b6 4. a3 Bb7 5. Nc3 d5 6. Bg5 Be7 7. e3 Nbd7 8. Bd3 h6 9. Bxf6 Nxf6 10. Rc1 0-0 11. 0-0 c6 12. Ne5 Nd7 13. f4 a6 14. Qg4 f5 15. Qh5 Rf6 16. cxd5 cxd5 17. Rf3 Rc8 18. Rg3 Nf8 19. Ng6 Nxg6 20. Rxg6 Qe8 21. Bxf5 exf5 0-1

[Event "Nachodsko-ch"]
[Site "Nachod"]
[Date "2001.??.??"]
[Round "3"]
[White "Burdilak, Milan"]
[Black "Moller, Kamil"]
[Result "0-1"]
[WhiteElo "1750"]
[BlackElo "1875"]
[PlyCount "92"]
[EventDate "2001.??.??"]
[EventType "tourn"]
[EventRounds "13"]
[EventCountry "CZE"]
[SourceTitle "EXT 2007"]
[Source "ChessBase"]
[SourceDate "2006.11.23"]
[SourceVersion "1"]
[SourceVersionDate "2006.11.23"]
[SourceQuality "1"]

1. d4 g6 2. c4 Bg7 3. Nf3 Nf6 4. Nc3 0-0 5. e4 d6 6. h3 Ne8 7. Be3 Nc6 8. Qd2 e5 9. d5 Ne7 10. Bh6 f5 11. Bxg7 Kxg7 12. Bd3 f4 13. 0-0-0 c5 14. h4 h6 15. Rdg1 Bd7 16. g4 Rc8 17. Ne1 a6 18. a4 Qa5 19. b3 Nc7 20. Na2 Qb6 21. Qc3 Qa7 22. f3 b5 23. Bc2 bxc4 24. bxc4 Rb8 25. Nd3 Nc8 26. Kd2 a5 27. Qa1 Nb6 28. Nb2 Qb7 29. Rb1 Na6 30. Nc3 Nb4 31. Nb5 Bxb5 32. axb5 g5 33. Bd3 Kg6 34. Rbc1 a4 35. Rc3 Ra8 36. Be2 a3 37. Rxa3 Rxa3 38. Qxa3 Ra8 39. Qc3 Ra2 40. h5+ Kf6 41. Rb1 Qa8 42. Kd1 Ra3 43. Qc1 Na2 44. Qc2 Nc3+ 45. Ke1 Nxb1 46. Qxb1 Ra1 0-1

[Event "Nachodsko-ch"]
[Site "Nachod"]
[Date "2001.??.??"]
[Round "10"]
[White "Burdilak, Milan"]
[Black "Novotny, Josef"]
[Result "0-1"]
[WhiteElo "1750"]
[BlackElo "2130"]
[PlyCount "77"]
[EventDate "2001.??.??"]
[EventType "tourn"]
[EventRounds "13"]
[EventCountry "CZE"]
[SourceTitle "EXT 2007"]
[Source "ChessBase"]
[SourceDate "2006.11.23"]
[SourceVersion "1"]
[SourceVersionDate "2006.11.23"]
[SourceQuality "1"]

1. d4 d6 2. Nf3 e6 3. g3 Ne7 4. Bg2 Nd7 5. 0-0 g6 6. Nc3 Bg7 7. e4 b6 8. e5 d5 9. Re1 Bb7 10. a4 a6 11. b4 Rc8 12. Bb2 Nf5 13. Qd3 g5 14. b5 a5 15. Ba3 h5 16. Rad1 g4 17. Nd2 h4 18. Nf1 hxg3 19. fxg3 Qg5 20. Ne2 c5 21. c3 cxd4 22. cxd4 Rc4 23. Qxc4 dxc4 24. Bxb7 Bf8 25. Bc1 Qh5 26. Nf4 Qh7 27. Be4 Bb4 28. Re3 Nxe3 29. Bxh7 Nxd1 30. Be4 Nc3 31. Bc2 Na2 32. Be3 Ke7 33. d5 Nxe5 34. dxe6 Bc5 35. Bxc5+ bxc5 36. exf7 Nb4 37. Bf5 Kxf7 38. Be6+ Kf6 39. Bd5 0-1

[Event "Nachodsko-ch"]
[Site "Nachod"]
[Date "2001.??.??"]
[Round "2"]
[White "Kansky, Josef"]
[Black "Burdilak, Milan"]
[Result "1-0"]
[WhiteElo "1840"]
[BlackElo "1750"]
[PlyCount "117"]
[EventDate "2001.??.??"]
[EventType "tourn"]
[EventRounds "13"]
[EventCountry "CZE"]
[SourceTitle "EXT 2007"]
[Source "ChessBase"]
[SourceDate "2006.11.23"]
[SourceVersion "1"]
[SourceVersionDate "2006.11.23"]
[SourceQuality "1"]

1. e4 e6 2. d4 d5 3. e5 c5 4. c3 Nc6 5. Nf3 cxd4 6. cxd4 Nge7 7. Bb5 Qa5+ 8. Nc3 Bd7 9. Bxc6 Nxc6 10. 0-0 Be7 11. Be3 0-0 12. a3 f6 13. b4 Qd8 14. Qd2 fxe5 15. Nxe5 Nxe5 16. dxe5 Be8 17. f4 b5 18. Ne2 a6 19. Nd4 Qd7 20. Nb3 Bf7 21. Rac1 Rfc8 22. Bc5 Bxc5+ 23. Rxc5 Qa7 24. Rfc1 Rxc5 25. Rxc5 Rc8 26. Qd4 Rc7 27. Rxc7 Qxc7 28. Qc5 Qb8 29. Kf2 Be8 30. Ke3 Kf7 31. Kd4 Bd7 32. Qd6 Qa7+ 33. Nc5 Bc8 34. Qc6 Qb8 35. f5 exf5 36. Qxd5+ Kf8 37. Qd8+ Kf7 38. Qd5+ Kf8 39. Qd6+ Qxd6+ 40. exd6 Ke8 41. g3 h6 42. Ke5 Kd8 43. Ne6+ Bxe6 44. Kxe6 g6 45. h4 Ke8 46. Kf6 Kd7 47. Kxg6 Kxd6 48. Kxh6 Ke5 49. Kg7 Ke4 50. h5 Kf3 51. h6 Kxg3 52. h7 f4 53. h8Q f3 54. Qb8+ Kh3 55. Qb6 Kg2 56. Qxa6 f2 57. Qxb5 Kg1 58. a4 Kg2 59. a5 1-0

[Event "Nachodsko-ch"]
[Site "Nachod"]
[Date "2001.??.??"]
[Round "7"]
[White "Pinkava, Josef"]
[Black "Burdilak, Milan"]
[Result "1-0"]
[WhiteElo "1880"]
[BlackElo "1750"]
[PlyCount "63"]
[EventDate "2001.??.??"]
[EventType "tourn"]
[EventRounds "13"]
[EventCountry "CZE"]
[SourceTitle "EXT 2007"]
[Source "ChessBase"]
[SourceDate "2006.11.23"]
[SourceVersion "1"]
[SourceVersionDate "2006.11.23"]
[SourceQuality "1"]

1. e4 g6 2. d4 d6 3. Bd3 Bg7 4. c3 Nc6 5. f4 Nf6 6. Nf3 Bg4 7. 0-0 e5 8. fxe5 dxe5 9. d5 Ne7 10. Qe1 Nd7 11. Qh4 Bxf3 12. Rxf3 Ng8 13. Bg5 f6 14. Be3 Qe7 15. Nd2 0-0-0 16. Bxa7 Nc5 17. Bxc5 Qxc5+ 18. Kh1 Rf8 19. Nb3 Qb6 20. c4 g5 21. Qe1 g4 22. Rf1 Ne7 23. c5 Qa7 24. Qb4 Rf7 25. Na5 f5 26. d6 Nc6 27. Nxc6 bxc6 28. exf5 cxd6 29. cxd6 Kd7 30. Rac1 h5 31. Qc4 Kxd6 32. Qe6+ 1-0

[Event "Nachod op 6th"]
[Site "Nachod"]
[Date "2000.??.??"]
[Round "1"]
[White "Ringel, Zbynek"]
[Black "Burdilak, Milan"]
[Result "1-0"]
[WhiteElo "2125"]
[BlackElo "1785"]
[PlyCount "27"]
[EventDate "2000.??.??"]
[EventType "swiss"]
[EventRounds "9"]
[EventCountry "CZE"]
[SourceTitle "EXT 2003"]
[Source "ChessBase"]
[SourceDate "2002.11.25"]
[SourceVersion "1"]
[SourceVersionDate "2002.11.25"]
[SourceQuality "1"]

1. e4 e6 2. d4 d5 3. e5 c5 4. c3 cxd4 5. cxd4 Bb4+ 6. Nc3 Ne7 7. Nf3 Nbc6 8. Bd3 0-0 9. Bxh7+ Kxh7 10. Ng5+ Kg6 11. h4 Qb6 12. Qg4 f5 13. h5+ Kh6 14. Nxe6+ 1-0